000 03343cam a22012134i 4500
003 PE-LiUPU
005 20250813185616.0
008 150706s r 000 0 d
020 _a9788415424222
035 _a(Sirsi) i9788415424222
040 _aPE-LiUPU
_bspa
_cPE-LiUPU
_erda
049 _aPRUA
082 0 4 _a378.07
_bH43
_221
100 1 _aHernández Peña, Alicia María,
_eautor.
245 1 0 _aEntender y potenciar la I+D+i :
_blas universidades como ejemplo para juristas y no juristas /
_cAlicia María Hernández Peña.
264 1 _aLas Palmas de Gran Canaria :
_bUniversidad de las Palmas de Gran Canaria. Servicio de Publicaciones,
_c2011.
300 _a223 páginas :
_bilustraciones ;
_c24 cm.
336 _atext
_2rdacontent
337 _aunmediated
_2rdamedia
338 _avolume
_2rdacarrier
504 _aIncluye bibliografía.
505 0 _aPara una mejor comprensión del presente libro -- Fases y elementos de la transferencia de conocimiento desde la universidad a la empresa -- Recursos humanos -- Recursos materiales -- Tiempo o dedicación -- Financiación -- Determinación del objeto de estudio -- Detección -- Valorización -- Protección -- Comercialización -- Servicios de apoyo -- Agentes intermedios.
526 _aP202
526 _aP201
526 _aP163
526 _aP162
526 _aP161
526 _aP160
526 _aP148
526 _aP147
526 _aP146
526 _aP145
526 _aP144
526 _aP143
526 _aP142
526 _aP141
526 _aP140
526 _aP139
526 _aP138
526 _aP137
526 _aP136
526 _aP135
526 _aP134
526 _aP133
526 _aP129
526 _aP128
526 _aP127
526 _aP120
526 _aP119
526 _aP118
526 _aP116
526 _aP115
526 _aP114
526 _aP110
526 _aP109
526 _aP108
526 _aP104
526 _aP103
526 _aP102
526 _aP99
526 _aP98
526 _aP97
526 _aP96
526 _aP95
526 _aP93
526 _aP90
526 _aP89
526 _aP88
526 _aP83
526 _aP82
526 _aP62
526 _aP59
526 _aP58
526 _aP57
526 _aP51
526 _aP49
526 _aP48
526 _aP47
526 _aP29
526 _aP24
526 _aP20
526 _aP19
526 _aP17
526 _aP15
526 _aP14
526 _aP12
526 _aP10
526 _aP09
526 _aP08
526 _aP07
526 _aP06
526 _aP05
526 _aP04
526 _aP01
541 _g030-0013374;
650 0 4 _aCooperación universidad empresa.
_93936
650 0 4 _aTransferencia de tecnología.
910 _agl
_bjv
_cng
_d20121220
942 _2ddc
_cBOOK
949 _a378.07 H43
_wDEWEY
_c1
_i65829
_lCCODEBUL1
_mBUL
_p28.00
_r0
_sY
_tBOOK
_u2015-7-6
_xFCE
_PP04
_o.STAFF. Colección General
994 _aC0
_bPEPRU
596 _a1
999 _a378.07 H43
_wDEWEY
_c54225
_i65829
_f2021-11-8
_g5
_lCCODEBUL1
_mBUL
_p28.00
_r0
_sN
_tBOOK
_u2015-7-6
_xEDUCACION
_PP04
_0COMPRA
_o.STAFF. Colección General
_d54225
980 _81
_gALBERTO SANCHEZ Responsable de Automatización